LEADER 01719nam a2200301 u 4500 001 000000117883 003 CaOOAMICUS 005 20091106160235.0 008 091106s2009 be u000 u eng u 020 $a978-90-429-2234-1 040 $aIPA$bita$dReb 041 0 $aeng$hfre$hita$hgrc$hger 111 2 $aInternational Origen Congress$n(9 :$d2005 :$cPécs, Hungary).$0(OLS)http://pul/name/73607 245 10$aOrigeniana nona :$borigen and the religious practice of his time : papers of the 9th International Origen Congress Pécs, Hungary, 29 August - 2 September 2005 /$cEdited by G. Heidl - R. Somos in collaboration with C. Németh. 260 $aLeuven, Paris, Walpole (MA) :$bUitgeverij Peeters,$c2009. 300 $axiv, 752 p. ;$c25 cm 490 1 $aBibliotheca Ephemeridum theologicarum Lovaniensium ;$v228. 504 $aComprende riferimenti bibliografici ed indice. 600 04$aOrigenes,$d184-253$xCongressi.$0(OLS)http://pul/subject/7979 700 1 $aSomos, Robert.$0(OLS)http://pul/name/73605 700 1 $aHeidl, Gyorgy.$0(OLS)http://pul/name/73606 830 0$aBibliotheca Ephemeridum theologicarum Lovaniensium ;$v228.$0(OLS)http://pul/title/1445 850 $aPUL 852 $aPUL$W1$xSL Religione 1$y3$m17 A 228$j135275$qStampati$B134247$CPULBib$Z2$F134247 $H111435 $82 941 1 $a8 996 $6020$a978-90-429-2234-1$9(OLS)http://pul/number/142350 996 $6245$aOrigeniana nona :$borigen and the religious practice of his time : papers of the 9th International Origen Congress Pécs, Hungary, 29 August - 2 September 2005$9(OLS)http://pul/title/148391 996 $6260$aLeuven, Paris, Walpole (MA) :$bUitgeverij Peeters$9(OLS)http://pul/publisher/80512 LEADER 01366nam a2200337 a 4500 001 000000133456 003 CaOOAMICUS 005 20130410094948.0 008 130410s2003 it u000 u ita r 020 $a88-04-51805-7 040 $aPUL$bita 041 1 $aita$heng 100 1 $aKagan, Robert.$0(OLS)http://pul/name/85976 240 10$aOf paradise and power.$lItaliano.$0(OLS)http://pul/title/168651 245 10$aParadiso e potere :$bAmerica ed Europa nel nuovo ordine mondiale /$cRobert Kagan. 250 $a2. ed. 260 $aMilano :$bArnoldo Mondadori,$c2003. 300 $a130 p. ;$c20 cm 490 1 $aFrecce 504 $aBibliografia nelle note. 651 4$aStati Uniti$xRelazioni estere$ySec. XX.$0(OLS)http://pul/subject/25102 651 4$aEuropa$xRelazioni internazionali.$0(OLS)http://pul/subject/7391 830 0$aFrecce (Mondadori).$0(OLS)http://pul/title/39392 850 $aPUL 852 $aPUL$W1$xDP1 Fondo E. Rossi$y115$m1 K 2$j153386$qFondi$B152946$CPULBib$Z2$F152946 $82 941 1 $a1 961 $aSul dorso collocazione ms. di E. Rossi: K 0 996 $6020$a88-04-51805-7$9(OLS)http://pul/number/152347 996 $6245$aParadiso e potere :$bAmerica ed Europa nel nuovo ordine mondiale$9(OLS)http://pul/title/168652 996 $6260$aMilano :$bArnoldo Mondadori$9(OLS)http://pul/publisher/60431